Southville International School and Colleges
Your cart is empty.
  • Cart
  • Lists
    Public lists Eva Luna New books Lux_list list_1
    Your lists Log in to create your own lists
  • Log in to your account
  • Your cookies
  • Search history
Southville International School and Colleges
  • Advanced search
  • Recent comments
  • Most popular
  • Libraries

Log in to your account

Log in with GOOGLE


If you do not have an external account, but do have a local account, you can still log in:

  1. Home
  2. MARC view: Hongkong 1988 :
Normal view MARC view ISBD view

Hongkong 1988 : (Record no. 10580)

[ view plain ]
MARC details
000 -LEADER
fixed length control field 00525nam a22001697a 4500
003 - CONTROL NUMBER IDENTIFIER
control field OSt
005 - DATE AND TIME OF LATEST TRANSACTION
control field 20140310182216.0
008 - FIXED-LENGTH DATA ELEMENTS--GENERAL INFORMATION
fixed length control field 130907t xxu||||| |||| 00| 0 eng d
050 ## - LIBRARY OF CONGRESS CALL NUMBER
Classification number DS 796
Item number .H772 1988
082 ## - DEWEY DECIMAL CLASSIFICATION NUMBER
Classification number HS 951.25
Item number H758 1988
245 ## - TITLE STATEMENT
Title Hongkong 1988 :
Statement of responsibility, etc review of 1987 /
Remainder of title edited by Aladin Ismail; designed by Arthur Hacker; [et. al]
260 ## - PUBLICATION, DISTRIBUTION, ETC. (IMPRINT)
Place of publication, distribution, etc Hongkong :
Name of publisher, distributor, etc H.Myers, Government Printer,
Date of publication, distribution, etc 1988.
300 ## - PHYSICAL DESCRIPTION
Extent 380 p. ;
Other physical details ill. col. ;
Dimensions 24 cm.
650 ## - SUBJECT ADDED ENTRY--TOPICAL TERM
Topical term or geographic name as entry element Hongkong
9 (RLIN) 17011
942 ## - ADDED ENTRY ELEMENTS (KOHA)
Source of classification or shelving scheme Library of Congress Classification
Koha item type
Holdings
Withdrawn status Lost status Source of classification or shelving scheme Damaged status Home library Current library Shelving location Date acquired Total Checkouts Full call number Barcode Date last seen Copy number Price effective from Koha item type
    Library of Congress Classification   Luxembourg Library Luxembourg Library High School Section 09/07/2013   DS 796 .H772 1988 7124 01/05/2016 1 09/07/2013 Books

Hongkong 1988 :

APA

(1988). Hongkong 1988. Hongkong: H.Myers, Government Printer.

Chicago

1988. Hongkong 1988. Hongkong: H.Myers, Government Printer.

Harvard

(1988). Hongkong 1988. Hongkong: H.Myers, Government Printer.

MLA

Hongkong 1988. Hongkong: H.Myers, Government Printer. 1988.

  • Place hold
  • Print
  • Cite
  • Add to your cart (remove)
  • Save record
    BIBTEX Dublin Core MARCXML MARC (non-Unicode/MARC-8) MARC (Unicode/UTF-8) MARC (Unicode/UTF-8, Standard) MODS (XML) RIS
  • More searches
    Search for this title in:
    Other Libraries (WorldCat) Other Databases (Google Scholar) Online Stores (Bookfinder.com) Open Library (openlibrary.org)

Exporting to Dublin Core...

SOUTHVILLE LIBRARY

Southville International School and Colleges Library

1281 Tropical Ave. Cor. Luxembourg St., BF Homes International, Las Pinas City

Tel. No. 8256374 / 252358 Loc. 117/146

Powered by Koha